Vlaggen van Landen die beginnen met P - Statistieken

Algemene statistieken
  • Deze quiz is 2.686 keer genomen
  • De gemiddelde score is 7 van 8
Antwoordstatistieken
Foto Antwoord % Correct
Pakistan
98%
Polen
98%
Portugal
97%
Peru
90%
Panama
89%
Paraguay
86%
Palau
79%
Papoea-Nieuw-Guinea
74%
Geen overeenkomende quizzen gevonden
Scoreverdeling
Procent van Mensen met Elke Score
Percentiel versus Aantal Correcte Antwoorden
Uw Scoregeschiedenis
U heeft deze quiz nog niet genomen